00498nam a2200157Ia 4500003000400000008004100004040001600045082001700061100001900078245010500097700001800202260004900220300001000269650003100279650003000310GCL140319s9999 xx 000 0 eng d aGCL / cGCL04a150.198bD P1 aDUNNETT, GAVIN10aA PSYCHOLOGY FOR LIVING: PERSONAL CONSTURUCT THEORY FOR PROFESSIONALS AND CLIENTS / cDUNNETT, GAVIN1 aDALTON, PEGGY a[S.N] : bJOHN WILEY AND SONS. INC ، c1992 a227 P04aPERSONAL CONSTRUCT THERAPY04aPERSONAL CONSTRUCT THEORY